00470nam a2200145Ia 4500003000900000008004100009040003300050041000800083080001400091100002200105245010300127246004800230260003100278300001500309LK-CoDNM010623t2012 xxu||||| |||| 00| 1 sin d aLK-CoDNMdLK-CoDNMeLK-CoDNM asin a159.9 SEN aSenasingha,Thilak aඅවතාර ලුහුබැඳ : හේතුවාදී විමර්ෂණයක් aAwathara Luhubada : Hethwadee Vimarshanayak bKinkiniaPannipitiyac2012 b160, 21 cm